World Capitals Closest to Paris - One Minute Sprint - Statistics

General Stats
  • This quiz has been taken 35 times
  • The average score is 17 of 20
Answer Stats
km capital miles % Correct
430 Amsterdam 267
100%
438 Bern 272
100%
341 London 212
100%
268 Brussels 166
96%
1053 Madrid 654
96%
692 Monaco 430
93%
1108 Rome 688
93%
1037 Vienna 645
93%
880 Berlin 547
89%
779 Dublin 484
89%
1106 Vatican City 687
89%
710 Andorra la Vella 441
82%
1028 Copenhagen 639
82%
950 San Marino 590
82%
569 Vaduz 354
82%
289 Luxembourg 180
75%
886 Prague 550
64%
967 Ljubljana 601
57%
1083 Zagreb 673
50%
1092 Bratislava 679
46%
No matching quizzes found
Score Distribution
Percent of People with Each Score
Percentile by Number Answered
Your Score History
You have not taken this quiz